Pays du monde commençant par A et B. - Statistiques

Statistiques générales
  • Ce quiz a été pris 449 fois
  • Le résultat moyen est 22 sur 32
Statistiques - réponses
Réponse % Correct
Albanie
86%
Allemagne
85%
Algérie
83%
Belgique
81%
Arménie
80%
Australie
79%
Bolivie
78%
Brésil
78%
Andorre
77%
Angola
77%
Argentine
77%
Afghanistan
76%
Bhoutan
75%
Birmanie
74%
Azerbaïdjan
72%
Afrique du Sud
69%
Autriche
69%
Antigua-et-Barbuda
65%
Belize
65%
Bénin
65%
Bulgarie
65%
Biélorussie / belarus
64%
Botswana
64%
Bahreïn
63%
Bangladesh
62%
Arabie Saoudite
61%
Brunei
60%
Burundi
58%
Barbade
57%
Bosnie-Herzégovine
55%
Burkina Faso
55%
Bahamas
54%
Aucun quiz correspondant
Distribution des résultats
% des personnes avec chaque résultat
Percentile par nombre de réponses
Votre historique - résultats
Vous n’avez pas pris ce quiz